00909nam a2200301 a 450000100060000000300080000600500170001400800410003102000150007203500190008704000350010604100080014108200250014910000240017424500510019826000340024930000280028350000340031150400290034550400190037465000520039365000430044565000130048865000230050165000300052465000370055465000160059159279BD-RjUL20211209080719.0161222s1985 nyuab b 001 0 eng d a0816010587 a(BD-RjUL)59403 aBD-RjULbengcBD-RjULdBD-RjUL aeng 223a355.43bFRA 19851 aFreedman, Lawrence.10aAtlas of global strategy /cLawrence Freedman. aNew York :bMacmillan,cc1985 a192 p :bill. ;c29 cm. a"An Equinox book"--T.p. verso aBibliography: p. 185-187 aIncludes index 0aMilitary art and sciencexHistoryy20th century 0aMilitary history, Moderny20th century 0aStrategy 0aMilitary geography 0aWorld politicsy1945-1955 0aArms racexHistoryy20th century 0aGeopolitics